Visualizzazione normale
Vista MARC
- D'Astugues Mary
di Personal Name
Records bibliografici associati: 1
001 - CONTROL NUMBER
- control field: 2195
003 - CONTROL NUMBER IDENTIFIER
- control field: IT-RoPau
005 - DATE AND TIME OF LATEST TRANSACTION
- control field: 20131116111046.0
008 - FIXED-LENGTH DATA ELEMENTS
- fixed length control field: 131116|| aca||aabn | a|a d
040 ## - CATALOGING SOURCE
- Original cataloging agency: IT-RoPau
- Transcribing agency: IT-RoPau
100 ## - HEADING--PERSONAL NAME
- Personal name: D'Astugues Mary
- Miscellaneous information: Codice autore musica SPICS: 23089
- Relator term: Autore musica
- Name of part/section of a work: Miracles
670 ## - SOURCE DATA FOUND
- Source citation: Work cat.: (IT-RoPau)99609: AA.VV. 794, Powerlight (Lp Cbs 25120)